| 000 | 00700nam a2200181 a 4500 | ||
|---|---|---|---|
| 001 | 000028993 | ||
| 003 | OSt | ||
| 005 | 20240304103305.0 | ||
| 008 | 110407s2003 dr 000 0 spa d | ||
| 040 |
_aDO-SdBNP _bspa _cBNPHU |
||
| 082 |
_axxxx _bR426d |
||
| 110 | 1 |
_aRepública Dominicana. _b Secretaría de Estado de Medio Ambiente y Recursos Naturales _914503 |
|
| 245 | 1 | 0 |
_aNorma para la gestión ambiental de marinas: _b y otras facilidades que ofrecen servicios a embarcaciones recreativas./ |
| 260 |
_aSanto Domingo : _bSecretaría de Estado de Medio Ambiente y Recursos Naturales, _c2003. _fEditora Búho |
||
| 300 |
_a62 p. : ; _c23 cm. |
||
| 590 | _aInventariado, 2020/ YL | ||
| 942 |
_2ddc _cLBS1 |
||
| 999 |
_c28485 _d28485 |
||